Home sweet home: housing designed by the London County Council and Greater London Council architects 1888-1975; foreword by Kenneth Campbell (Record no. 90185)

MARC details
000 -LEADER
fixed length control field 00594cam a2200193 4500
001 - CONTROL NUMBER
control field D5153
008 - FIXED-LENGTH DATA ELEMENTS--GENERAL INFORMATION
fixed length control field 090401t1976 xxu||||| |||| 00| 0 eng d
035 ## - SYSTEM CONTROL NUMBER
System control number (Sirsi) u36131
041 ## - LANGUAGE CODE
Language code of text/sound track or separate title eng
050 ## - LIBRARY OF CONGRESS CALL NUMBER
Classification number 728.3
110 ## - MAIN ENTRY--CORPORATE NAME
Corporate name or jurisdiction name as entry element Greater London Council
9 (RLIN) 1146
245 ## - TITLE STATEMENT
Title Home sweet home: housing designed by the London County Council and Greater London Council architects 1888-1975; foreword by Kenneth Campbell
260 ## - PUBLICATION, DISTRIBUTION, ETC.
Place of publication, distribution, etc. London
Name of publisher, distributor, etc. Academy Editions
Date of publication, distribution, etc. 1976
300 ## - PHYSICAL DESCRIPTION
Extent 111p. ill. 30cm
350 ## - PRICE (NR) (BK AM CF MU VM SE) [OBSOLETE]
Price 3.95
490 ## - SERIES STATEMENT
Series statement London Architectural Monographs
942 ## - ADDED ENTRY ELEMENTS (KOHA)
Suppress in OPAC 0
948 ## - LOCAL PROCESSING INFORMATION (OCLC); SERIES PART DESIGNATOR (RLIN)
c (OCLC) 04/03/1997
Holdings
Withdrawn status Lost status Source of classification or shelving scheme Damaged status Not for loan Home library Current library Shelving location Date acquired Cost, normal purchase price Total Checkouts Full call number Barcode Date last seen Date last checked out Copy number Cost, replacement price Price effective from Koha item type
    Dewey Decimal Classification     London London Folio 14/09/1999 3.95 1 F728.3 30020098 06/08/2019 21/03/2003 1 3.95 06/08/2019 Book